Thần tích Việt Nam

Shranjeno v:
Bibliografske podrobnosti
Glavni avtor: Lê Xuân Quang
Format: Knjiga
Oznake: Označite
Brez oznak, prvi označite!
Thư viện lưu trữ: Mạng thư viện Đại học Đà Nẵng
LEADER 00732nam a2200241 4500
001 000005614
003 1759
005 20150812140853.0
008 110817s sd
041 0 |a 16000đ 
082 1 |a 389.9  |b LEX 
100 0 |a Lê Xuân Quang 
245 0 0 |a Thần tích Việt Nam  |c Lê Xuân Quang 
774 |a Lê Xuân Quang  |d Văn hóa - Thông tin  |d H.  |d 1995  |g Tập 1  |h 210 tr.  |t Phần 1  |w 1760 
774 |a Lê Xuân Quang  |d Văn hóa - Thông tin  |d H.  |d 1995  |g Tập 1  |h 206 tr.  |t Phần 2  |w 1761 
OWN |a LSP 
999 |a From the UDN01 
TYP |a Monograph 
TYP |a Printed language 
980 |a Mạng thư viện Đại học Đà Nẵng